• 首页
  • 本馆介绍
  • 公告通知
  • 最新文献
  • 馆藏检索
  • 电子资源
  • 读者导购
  • 参考咨询
  • 我的图书馆
  • 登录
  • 详细信息显示
  • 放入我的书架
  • 预约/预借图书
  • 作者相关作品
  • 分类相关作品
  • 丛书相关作品
  • 出版社相关作品

书目信息

  • 表格格式
  • 工作单格式
  • 卡片格式
题名:
中国策
    
 
作者: ;人民论坛杂志社 编
分册: 第2辑  
出版信息: 北京   国家行政学院出版社  2011.4
页数: 237页
开本: 24cm
丛书名:
单 册:
中图分类: D601
科图分类:
主题词: 方针政策--研究--中国 , 方针政策
电子资源:
ISBN: 978-7-5150-0069-5
000 00881nam0 2200253 45
001 515
005 20120531151716.73
010    @a978-7-5150-0069-5@dCNY39.80
100    @a20120328d2011 em y0chiy50 ea
101 0  @achi
102    @aCN@b110000
105    @ay z 000yy
106    @ar
200 1  @a中国策@AZhong Guo Ce@dChina's trends@h第2辑@HDi 2 Ji@f人民论坛杂志社编@FRen Min Lun Tan Za Zhi She Bian@zeng
210    @a北京@c国家行政学院出版社@d2011.4
215    @a237页@d24cm
330    @a本书分政策、经策、民策三部分,主要内容包括:后备干部之谜、问责官员复出与问责制的系统思考、官员“怨气”背后、中国官员的“网络恐惧”等。
510 1  @aChina's trends@zeng
606 0  @a方针政策@x研究@y中国
606 0  @a方针政策
690    @aD601@v4
711 02 @a人民论坛杂志社@ARen Min Lun Tan Za Zhi She@4编
801  0 @aCN@bTSTCL@c20120328
905    @b0811775-79@dD601@e103:2@f5
    
    中国策=China's trends.第2辑/人民论坛杂志社编.-北京:国家行政学院出版社,2011.4
    237页;24cm
    
    
    ISBN 978-7-5150-0069-5:CNY39.80
    本书分政策、经策、民策三部分,主要内容包括:后备干部之谜、问责官员复出与问责制的系统思考、官员“怨气”背后、中国官员的“网络恐惧”等。
●
相关链接 在E读中查询图书 在五车中查询图书 在当当中查询图书 在豆瓣中查询图书


正题名:中国策     索取号:D601/103:2         预约/预借

序号 登录号 条形码 馆藏地/架位号 状态 备注
1 0811775   208117759   第一样本阅览室/ [索取号:D601/103:2] 在馆    
2 0811776   208117768   第一借阅区/ [索取号:D601/103:2] 在馆    
3 0811777   208117777   第一借阅区/ [索取号:D601/103:2] 在馆    
4 0811778   208117786   第一借阅区/ [索取号:D601/103:2] 在馆    
5 0811779   208117795   第一借阅区/ [索取号:D601/103:2] 在馆    
唐山师范学院图书馆 欢迎您!
大连网信软件有限公司© 版权所有